Planificacion regional y urbana en America Latina : primer seminario internacional, celebrado en Vina del Mar, Chile, del 17 al 22 de abril de 1972 /

Bibliographic Details
Corporate Authors: Seminario sobre Planificacion Regional y Urbana Vina del Mar, Chile, Instituto Latinoamericano de Investigaciones Sociales, Latin American Institute for Economic and Social Planning
Format: Conference Proceeding Book
Language:Spanish
Published: Mexico : Siglo Veintiuno Editores, 1974.
Edition:1a. ed.
Series:Textos del Instituto Latinoamericano de Planificación Económica y Social.
Economía y demografía (Mexico City, Mexico)
Subjects:

MARC

Tag First Indicator Second Indicator Subfields
LEADER 00000cam a22000001a 4500
001 in00000075173
005 20151008060342.0
008 771205s1974 mx a b 10010 spam
010 |a  75400089  
035 |a (OCoLC)04195584 
035 |9 AAJ5576AM 
040 |a DLC  |c DLC  |d m.c.  |d TXA  |d UtOrBLW 
043 |a cl----- 
049 |a TXAM  |c [1804967] 
050 0 0 |a HT395.L3  |b S45 1972 
111 2 |a Seminario sobre Planificacion Regional y Urbana  |n (1st :  |d 1972 :  |c Vina del Mar, Chile) 
245 1 0 |a Planificacion regional y urbana en America Latina :  |b primer seminario internacional, celebrado en Vina del Mar, Chile, del 17 al 22 de abril de 1972 /  |c bajo el auspicio del Instituto Latinoamericano de Investigaciones Sociales (ILDIS) y el Instituto Latinoamericano de Planificacion Economica y Social (ILPES). 
250 |a 1a. ed. 
264 1 |a Mexico :  |b Siglo Veintiuno Editores,  |c 1974. 
300 |a xvi, 407 pages :  |b illustrations ;  |c 24 cm. 
336 |a text  |b txt  |2 rdacontent 
337 |a unmediated  |b n  |2 rdamedia 
338 |a volume  |b nc  |2 rdacarrier 
490 1 |a Textos del Instituto Latinoamericano de Planificacion Economica y Social 
490 1 |a Economia y demografia 
504 |a Bibliography: pages 37-38. 
650 0 |a Regional planning  |z Latin America  |v Congresses. 
650 0 |a City planning  |z Latin America  |v Congresses. 
710 2 |a Instituto Latinoamericano de Investigaciones Sociales. 
710 2 |a Latin American Institute for Economic and Social Planning. 
830 0 |a Textos del Instituto Latinoamericano de Planificación Económica y Social. 
830 0 |a Economía y demografía (Mexico City, Mexico) 
999 |a MARS 
999 f f |s 63f50fba-7754-390d-94b3-74f251e7d11e  |i ca96d750-c4a3-33c1-a5cc-33e36faddf63  |t 0 
952 f f |p ric  |a Texas A&M University  |b Rellis Campus  |c Joint Library Facility  |d Remote Storage  |t 0  |e HT395.L3 S45 1972  |h Library of Congress classification  |i unmediated -- volume  |m A14806145075 
998 f f |a HT395.L3 S45 1972  |t 0  |l Remote Storage